[Event "Challenge"]
[Site "http://www.queenalice.com/game.php?id=1559492"]
[Date "2019.2.3"]
[Round "-"]
[White "Magogue"]
[Black "Sid"]
[Result "0-1"]
[WhiteElo "1206"]
[BlackElo "1810"]

1. e4 c5 2. Nf3 e6 3. Nc3 a6 4. d4 cxd4 5. Nxd4 d6 6. Be2 Nf6 7. O-O Be7 8. f4
O-O 9. a4 Qc7 10. Kh1 Nc6 0-1

[Event "Let's Play Chess!"]
[Site "http://www.queenalice.com/game.php?id=1563806"]
[Date "2019.3.13"]
[Round "-"]
[White "Sid"]
[Black "igorjava"]
[Result "1-0"]
[WhiteElo "1900"]
[BlackElo "1977"]

1. e4 c5 2. f4 d6 3. Nc3 Nc6 4. Nf3 Bg4 5. Bb5 a6 6. Bxc6+ bxc6 7. O-O Nf6 8. d3
e6 9. Qe1 h6 10. e5 Bxf3 11. exf6 Bh5 12. fxg7 Bxg7 13. f5 Qe7 14. Qg3 Bd4+ 15.
Be3 f6 16. Bxd4 cxd4 17. Qh4 Bf7 18. Qxd4 e5 19. Qa4 Qc7 20. d4 O-O 21. dxe5
dxe5 22. Qg4+ Kh7 23. Ne4 Be8 24. Qh4 Qe7 25. Rf3 Rd8 26. Rh3 Qg7 27. g4 Rd4 28.
Re1 c5 29. c3 Rd5 30. Rg3 Bc6 31. g5 fxg5 32. Nxg5+ Kh8 33. Ne6 Qf6 34. Nxf8
Qxf8 35. f6 Rd7 36. Qh5 c4 37. Rxe5 Qxf6 38. Qe8+ Kh7 39. Qg8# 1-0

[Event "Let's Play Chess!"]
[Site "http://www.queenalice.com/game.php?id=1564041"]
[Date "2019.3.13"]
[Round "-"]
[White "Sid"]
[Black "Mikalus"]
[Result "1-0"]
[WhiteElo "1844"]
[BlackElo "1838"]

1. e4 c5 2. Nf3 Nc6 3. Bb5 a6 4. Bxc6 bxc6 5. O-O e6 6. b3 d6 7. e5 d5 8. Nc3
Ne7 9. Re1 Ng6 10. d3 Be7 11. Bb2 d4 12. Na4 O-O 13. Ba3 Qa5 14. h4 h5 15. Re4
f5 16. exf6 Rxf6 17. Ng5 Bd7 18. Qxh5 Qd2 19. Qh7+ Kf8 20. f3 1-0

[Event "Challenge"]
[Site "http://www.queenalice.com/game.php?id=1634691"]
[Date "2020.11.28"]
[Round "-"]
[White "Sid"]
[Black "Jeff_Of_Love"]
[Result "1-0"]
[WhiteElo "1960"]
[BlackElo "1793"]

1. e4 e5 2. Nf3 Nc6 3. Bc4 Nf6 4. d3 Bb4+ 5. c3 Bc5 6. O-O O-O 7. Re1 Ng4 8. Be3
Bxe3 9. fxe3 d6 10. d4 Be6 11. d5 Na5 12. Bd3 c5 13. dxe6 fxe6 14. b4 cxb4 15.
cxb4 Nc6 16. Qb3 d5 17. exd5 Rxf3 18. gxf3 Qh4 19. Re2 Ne7 20. d6 Nd5 21. fxg4
Rf8 22. Nd2 g6 23. Qc4 Qg5 24. Rf1 b5 25. Rxf8+ Kxf8 26. Qc8+ Kg7 27. Qxe6 Nc3
28. Qe7+ Qxe7 29. dxe7 Kf7 30. Rf2+ Kxe7 31. a3 Ke6 32. e4 Nd1 33. Bxb5 h6 34.
Bc4+ 1-0

[Event "Challenge"]
[Site "http://www.queenalice.com/game.php?id=1774838"]
[Date "2021.11.15"]
[Round "-"]
[White "Jeff_Of_Love"]
[Black "Sid"]
[Result "0-1"]
[WhiteElo "1828"]
[BlackElo "1986"]

1. e4 e6 2. d4 d5 3. Nc3 Nf6 4. e5 Nfd7 5. b3 b6 6. g3 c5 7. Bg2 cxd4 8. Nxd5
exd5 9. Bxd5 Nxe5 10. Bxa8 Nbc6 11. Bxc6+ Nxc6 12. Ne2 Bb4+ 13. Bd2 Ne5 14. h4
Nf3+ 15. Kf1 Nxd2+ 16. Kg1 Bb7 17. Rh3 O-O 18. a3 Nf3+ 19. Kf1 Qd7 20. g4 Qxg4
21. Rg3 Qxh4 22. axb4 Qh1+ 23. Ng1 Nh2+ 24. Ke2 Qe4+ 25. Kd2 Qf4+ 26. Re3 dxe3+
27. Kc3 Qf6+ 28. Kd3 Rd8+ 29. Kxe3 Qe5# 0-1

[Event "Challenge"]
[Site "http://www.queenalice.com/game.php?id=1779937"]
[Date "2022.1.11"]
[Round "-"]
[White "Sid"]
[Black "Jeff_Of_Love"]
[Result "1-0"]
[WhiteElo "2133"]
[BlackElo "1830"]

1. e4 e5 2. Nc3 Nc6 3. f4 exf4 4. Nf3 Bc5 5. d4 Bb4 6. Bxf4 Nf6 7. Bd2 d6 8. Bd3
O-O 9. Qe2 Re8 10. h3 d5 11. e5 a6 12. O-O-O b5 13. Qf2 Bxc3 14. Bxc3 Nd7 15. a3
Nb6 16. Bd2 h6 17. Rhf1 Be6 18. Qg3 Kf8 19. b3 Qe7 20. Kb2 b4 21. a4 Reb8 22.
Nh4 Ke8 23. Nf5 Qf8 24. Nxg7+ Kd7 25. Nxe6 Qg8 26. Nc5+ Ke7 27. Qh4+ Ke8 28.
Bxh6 Ne7 29. e6 Nxa4+ 30. Nxa4 Qh8 31. exf7+ Kd7 32. Nc5+ 1-0

[Event "Let's Play Chess!"]
[Site "http://www.queenalice.com/game.php?id=1798237"]
[Date "2022.10.23"]
[Round "-"]
[White "igor12345"]
[Black "Sid"]
[Result "0-1"]
[WhiteElo "2197"]
[BlackElo "2010"]

1. e4 e6 2. c4 d5 3. cxd5 exd5 4. e5 c5 5. Bb5+ Nc6 6. Qe2 Ne7 7. h3 g6 8. f4
Bg7 9. Nf3 O-O 10. d3 Qa5+ 11. Nc3 d4 12. Bxc6 Nxc6 13. Bd2 dxc3 14. Bxc3 Qd8
15. a3 b6 16. Qe3 Bb7 17. O-O Re8 18. Rfe1 Qd7 19. Rad1 Ne7 20. Ng5 Nf5 21. Qf2
Qc6 22. Ne4 h6 23. g4 Nd4 24. Rc1 Rad8 25. Kh2 Nb5 26. Rcd1 Nxc3 27. Nxc3 Qf3
28. Qxf3 Bxf3 29. Rd2 Rd4 30. Kg3 Bc6 31. Ne4 Bxe4 32. Rxe4 Rxe4 33. dxe4 g5 34.
f5 Bxe5+ 35. Kf3 Bd4 36. b3 a5 37. a4 f6 38. Rd1 Kg7 39. Rd2 Rb8 40. Kg3 b5 41.
axb5 Rxb5 42. Rd3 Rb4 43. h4 Be5+ 44. Kh3 Rxe4 45. Rd7+ Kf8 46. Rb7 Re3+ 47. Kg2
Rg3+ 48. Kf2 gxh4 49. Rb5 h3 0-1

[Event "AUTO-MASTER-3147"]
[Site "http://www.queenalice.com/game.php?id=1805000"]
[Date "2023.1.29"]
[Round "1"]
[White "chessman"]
[Black "Sid"]
[Result "1-0"]
[WhiteElo "1991"]
[BlackElo "2070"]

1. e4 e6 2. d4 d5 3. e5 c5 4. c3 Nc6 5. Nf3 Qb6 6. Be2 Nge7 7. O-O cxd4 8. cxd4
Nf5 9. Nc3 Nfxd4 10. Nxd4 Nxd4 11. Bd3 g6 12. Be3 Bd7 13. Qd2 a6 14. Bxg6 hxg6
15. Bxd4 Bc5 16. Bxc5 Qxc5 17. Rfe1 d4 18. Ne4 Qxe5 19. Ng3 Qf6 20. Rad1 Qh4 21.
h3 Bc6 22. Qxd4 Qxd4 23. Rxd4 Bd5 24. Rxd5 1-0

[Event "AUTO-MASTER-3147"]
[Site "http://www.queenalice.com/game.php?id=1805001"]
[Date "2023.1.29"]
[Round "1"]
[White "Sid"]
[Black "chessman"]
[Result "1-0"]
[WhiteElo "2063"]
[BlackElo "2003"]

1. e4 e6 2. Nf3 d5 3. Nc3 dxe4 4. Nxe4 Nd7 5. d4 Ngf6 6. Nxf6+ Nxf6 7. Bd3 Bd6
8. O-O O-O 9. Bg5 a6 10. Re1 b5 11. a4 Bb7 12. axb5 axb5 13. Rxa8 Qxa8 14. Bxf6
gxf6 15. Bxb5 Bxf3 16. Qxf3 Qxf3 17. gxf3 c6 18. Bxc6 1-0

[Event "AUTO-MASTER-3147"]
[Site "http://www.queenalice.com/game.php?id=1805018"]
[Date "2023.1.29"]
[Round "1"]
[White "Sid"]
[Black "Tartenfou93"]
[Result "1-0"]
[WhiteElo "2036"]
[BlackElo "1993"]

1. e4 c6 2. c4 d5 3. exd5 cxd5 4. cxd5 Qxd5 5. Nc3 Qa5 6. d4 Nf6 7. Bd3 e6 8.
Ne2 Nc6 9. O-O Bd6 10. Bd2 Qh5 11. Nf4 Qxd1 12. Raxd1 Nxd4 13. Nb5 Nxb5 14.
Bxb5+ Ke7 15. Rfe1 a6 16. Bc4 b5 17. Bb3 Bb7 18. Nxe6 fxe6 19. Rxe6+ Kd7 20. Bf4
Ne4 21. Rxe4 Bxe4 22. Rxd6+ Kc8 23. f3 Bf5 24. g4 Bd7 25. Be5 Re8 26. Bxg7 Kc7
27. Rh6 Re3 28. Rxh7 Rxf3 29. Bd5 Bc6 30. Be5+ Kb6 31. Bd4+ Ka5 32. Bxc6 Rd8 33.
Bxf3 1-0

[Event "AUTO-MASTER-3147"]
[Site "http://www.queenalice.com/game.php?id=1805019"]
[Date "2023.1.29"]
[Round "1"]
[White "Tartenfou93"]
[Black "Sid"]
[Result "0-1"]
[WhiteElo "1993"]
[BlackElo "2099"]

1. d4 c5 2. e3 cxd4 3. exd4 e6 4. Nf3 Nf6 5. Bd3 Be7 6. Nbd2 Nc6 7. c3 O-O 8.
O-O a6 9. Re1 b5 10. Ne4 Nxe4 11. Bxe4 d5 12. Bd3 f5 13. Ne5 Nxe5 14. dxe5 b4
15. Bd2 bxc3 16. Bxc3 d4 17. Bd2 Qd5 18. b3 Bb7 19. f3 Qd7 20. Ba5 Bd8 21. Bb4
Rf7 22. Bc4 Bb6 23. Bd6 g5 24. Qd3 g4 25. fxg4 fxg4 26. a4 a5 27. Rac1 Kh8 28.
Bb5 Qd8 29. Bc6 Ba6 30. Bb5 Bxb5 31. axb5 a4 32. bxa4 Rxa4 33. Qb3 d3+ 34. Kh1
d2 35. Qxa4 dxc1=Q 36. Rxc1 Qg5 37. Qc4 g3 38. hxg3 Qh6+ 39. Qh4 Qxc1+ 40. Kh2
Qg1+ 41. Kh3 Qh1+ 42. Kg4 Rg7+ 43. Kf4 Qf1+ 44. Ke4 Qf5# 0-1

[Event "AUTO-MASTER-3147"]
[Site "http://www.queenalice.com/game.php?id=1805020"]
[Date "2023.1.29"]
[Round "1"]
[White "Sid"]
[Black "CCapivara"]
[Result "0-1"]
[WhiteElo "2092"]
[BlackElo "2217"]

1. e4 d6 2. Nf3 Nf6 3. Nc3 c6 4. d4 Bg4 5. Be2 Nbd7 6. h3 Bh5 7. Be3 e5 8. dxe5
dxe5 9. O-O Bb4 10. a3 Bxc3 11. bxc3 O-O 12. Nd2 Bxe2 13. Qxe2 h6 14. f4 Qa5 15.
Qd3 Rad8 16. Nc4 Qc7 17. Bxa7 b5 0-1

[Event "AUTO-MASTER-3147"]
[Site "http://www.queenalice.com/game.php?id=1805021"]
[Date "2023.1.29"]
[Round "1"]
[White "CCapivara"]
[Black "Sid"]
[Result "0-1"]
[WhiteElo "2276"]
[BlackElo "2060"]

1. e4 e6 2. d4 d5 3. exd5 exd5 4. Nf3 Bd6 5. Bd3 Nf6 6. O-O h6 7. Re1+ Be6 8.
Bf5 Ne4 9. Bxe4 dxe4 10. Rxe4 O-O 11. Nc3 Bf5 12. Re1 b6 13. Ne5 f6 14. Nc4 Bb4
15. Re3 c5 16. d5 Bxc3 17. Rxc3 Re8 18. Bf4 Re4 19. Qd2 Rd4 20. Qc1 Qxd5 21. Ne3
Qe4 22. Nxf5 Qxf5 23. Bg3 Nc6 24. a3 Rad8 25. Qe1 Re4 26. Qf1 Rd2 27. Re1 Nd4
28. Rxe4 Qxe4 29. h3 Ne2+ 30. Kh2 Nxc3 31. bxc3 Rxc2 32. Qa6 Rxc3 33. Qxa7 Rb3
34. a4 c4 35. a5 bxa5 36. Qxa5 c3 37. Bd6 c2 0-1

[Event "AUTO-MASTER-3147"]
[Site "http://www.queenalice.com/game.php?id=1812816"]
[Date "2023.5.30"]
[Round "2"]
[White "Sid"]
[Black "dave_j"]
[Result "1-0"]
[WhiteElo "2116"]
[BlackElo "2145"]

1. e4 c5 2. d4 cxd4 3. c3 dxc3 4. Nxc3 e5 5. Nf3 Nc6 6. Bc4 h6 7. Qb3 Bb4 8.
Bxf7+ Kf8 9. O-O Bxc3 10. bxc3 Qf6 11. Bxg8 Rxg8 12. Ba3+ d6 13. Rad1 Ne7 14.
Rxd6 Qf4 15. Rd8# 1-0

[Event "AUTO-MASTER-3147"]
[Site "http://www.queenalice.com/game.php?id=1812817"]
[Date "2023.5.30"]
[Round "2"]
[White "dave_j"]
[Black "Sid"]
[Result "1/2-1/2"]
[WhiteElo "2115"]
[BlackElo "2138"]

1. e4 e6 2. Nf3 d5 3. exd5 exd5 4. d4 Bd6 5. Bd3 Ne7 6. O-O O-O 7. Nc3 c6 8. Ne2
Bf5 9. Bxf5 Nxf5 10. Qd3 Nh4 11. Nxh4 Qxh4 12. g3 Qe7 13. Qf3 Nd7 14. Be3 Rae8
15. Rae1 Nf6 16. a3 Qe4 17. Qxe4 Nxe4 18. f3 Nf6 19. Bd2 Re6 20. Bf4 Rfe8 21.
Kf2 Bxf4 22. Nxf4 Rxe1 23. Rxe1 Rxe1 24. Kxe1 g5 25. Nd3 Kg7 26. g4 h5 27. h3
hxg4 28. hxg4 Nd7 29. Ke2 f6 30. b3 b6 31. b4 Nf8 32. Ke3 Ne6 33. f4 gxf4+ 34.
Nxf4 Nxf4 35. Kxf4 Kg6 36. a4 a6 37. a5 b5 38. c3 Kf7 39. Kf5 Ke7 40. g5 fxg5
41. Kxg5 Ke6 42. Kg6 Ke7 43. Kg7 1/2-1/2

[Event "AUTO-MASTER-3147"]
[Site "http://www.queenalice.com/game.php?id=1812818"]
[Date "2023.5.30"]
[Round "2"]
[White "Sid"]
[Black "jcharro1979"]
[Result "0-1"]
[WhiteElo "2140"]
[BlackElo "2421"]

1. e4 e5 2. Nc3 Nf6 3. g3 Bc5 4. Bg2 d6 5. Nf3 Nc6 6. d3 a6 7. O-O O-O 8. Bg5 h6
9. Be3 Bxe3 10. fxe3 Bg4 11. h3 Be6 12. d4 Bd7 13. d5 Ne7 14. Kh2 b5 15. Nh4 Qc8
16. b3 c6 17. Rxf6 gxf6 18. Qh5 Kg7 19. Rf1 c5 20. Nf5+ Bxf5 21. exf5 Rd8 22.
Ne4 Ng8 23. g4 Kf8 24. g5 hxg5 25. h4 gxh4 26. Rg1 Ke7 27. Bh3 Qc7 28. Qxh4 Rab8
29. Rxg8 Rxg8 30. Qxf6+ Kf8 31. Nxd6 Rb6 32. Qh6+ Ke7 0-1

[Event "AUTO-MASTER-3147"]
[Site "http://www.queenalice.com/game.php?id=1812819"]
[Date "2023.5.30"]
[Round "2"]
[White "jcharro1979"]
[Black "Sid"]
[Result "1/2-1/2"]
[WhiteElo "2465"]
[BlackElo "2137"]

1. e4 e6 2. d4 d5 3. e5 c5 4. c3 Nc6 5. Nf3 Bd7 6. Be2 Nge7 7. Na3 cxd4 8. cxd4
Nf5 9. Nc2 Be7 10. O-O O-O 11. Be3 Rc8 12. a3 Nxe3 13. Nxe3 Qb6 14. b4 Rc7 15.
Qd2 Rfc8 16. Rfc1 a6 17. Rc2 Na7 18. Rac1 Nb5 19. Rxc7 Rxc7 20. Rxc7 Qxc7 21.
Qb2 Qc3 22. Qxc3 Nxc3 23. Bd3 Ba4 24. Kf1 Na2 25. h4 Nc1 26. Bc2 Bb5+ 27. Ke1
Nd3+ 28. Bxd3 Bxd3 29. Kd2 Bb5 30. g3 a5 31. bxa5 Bxa3 32. Kc3 Be7 33. Nd2 Bd8
34. Kb4 Ba6 35. f4 g6 36. Nb3 b6 37. axb6 Bxb6 38. Nc5 Be2 39. g4 h5 40. g5 Bd8
41. Nd7 Be7+ 42. Nc5 Kf8 43. Nc2 Ke8 44. Na3 Kd8 45. Nb5 Bxc5+ 46. Kxc5 Bxb5 47.
Kxb5 Kc7 48. Kc5 1/2-1/2